<?xml version="1.0" encoding="UTF-8"?>
<record
    xmlns:xsi="http://www.w3.org/2001/XMLSchema-instance"
    xsi:schemaLocation="http://www.loc.gov/MARC21/slim http://www.loc.gov/standards/marcxml/schema/MARC21slim.xsd"
    xmlns="http://www.loc.gov/MARC21/slim">

  <leader>01176nam a22002414a 4500</leader>
  <controlfield tag="001">UTEA</controlfield>
  <controlfield tag="005">20251001105222.0</controlfield>
  <controlfield tag="006">g||||gr||||||01 nz</controlfield>
  <controlfield tag="007">ta</controlfield>
  <controlfield tag="008">250925b        pe ||||| |||| 00| 0 spa d</controlfield>
  <datafield tag="020" ind1=" " ind2=" ">
    <subfield code="a">9788429120110</subfield>
  </datafield>
  <datafield tag="040" ind1=" " ind2=" ">
    <subfield code="a">UTEA</subfield>
  </datafield>
  <datafield tag="041" ind1=" " ind2=" ">
    <subfield code="a">spa</subfield>
  </datafield>
  <datafield tag="082" ind1=" " ind2=" ">
    <subfield code="a">624.1762</subfield>
    <subfield code="b">B79 2025</subfield>
  </datafield>
  <datafield tag="100" ind1=" " ind2=" ">
    <subfield code="a">Bozzo Luis M.</subfield>
    <subfield code="e">autor</subfield>
  </datafield>
  <datafield tag="245" ind1=" " ind2=" ">
    <subfield code="a">Dise&#xF1;o sismorresitente de edificios :</subfield>
    <subfield code="b">T&#xE9;cnicas convencionales y avanzadas</subfield>
    <subfield code="c">Luis M. Bozzo</subfield>
    <subfield code="h">[Texto Impreso]</subfield>
  </datafield>
  <datafield tag="260" ind1=" " ind2=" ">
    <subfield code="a">Espa&#xF1;a;</subfield>
    <subfield code="b">Editorial revet&#xE9; S.A.</subfield>
    <subfield code="c">2025</subfield>
  </datafield>
  <datafield tag="300" ind1=" " ind2=" ">
    <subfield code="a">380 p&#xE1;gina;</subfield>
    <subfield code="b">Figuras;</subfield>
    <subfield code="c">15 x 21 cm.</subfield>
  </datafield>
  <datafield tag="505" ind1=" " ind2=" ">
    <subfield code="a">fundamentos -- Aspectos de sismolog&#xED;a -- Elementos de din&#xE1;mica de estructuras -- Dise&#xF1;o conceptual y razonamiento cualitativo -- Dise&#xF1;o sismo resistente convencional -- Definici&#xF3;n de la acci&#xF3;n s&#xED;smica -- Dise&#xF1;o de elementos estructurales -- Dise&#xF1;o de sistemas estructurales -- T&#xE9;cnicas avanzadas de dise&#xF1;o sismo resistente -- Estructuras con disipadores de energ&#xED;a -- Ediciones con aislamiento de bases activo-</subfield>
  </datafield>
  <datafield tag="650" ind1=" " ind2=" ">
    <subfield code="a">SISMORESISTENTE</subfield>
    <subfield code="9">59535</subfield>
  </datafield>
  <datafield tag="650" ind1=" " ind2=" ">
    <subfield code="a">T&#xC9;CNICAS CONVENSIONALES</subfield>
    <subfield code="9">59536</subfield>
  </datafield>
  <datafield tag="942" ind1=" " ind2=" ">
    <subfield code="2">ddc</subfield>
    <subfield code="c">BK</subfield>
    <subfield code="e">2025-09-25</subfield>
    <subfield code="z">Cirila Celinda Molina Chirinos</subfield>
  </datafield>
  <datafield tag="952" ind1=" " ind2=" ">
    <subfield code="0">0</subfield>
    <subfield code="1">0</subfield>
    <subfield code="2">ddc</subfield>
    <subfield code="4">0</subfield>
    <subfield code="7">0</subfield>
    <subfield code="8">EPICF1</subfield>
    <subfield code="a">BAND</subfield>
    <subfield code="b">BAND</subfield>
    <subfield code="d">2025-09-25</subfield>
    <subfield code="e">CP</subfield>
    <subfield code="o">624.1762 B79 2025</subfield>
    <subfield code="p">BAND25090406</subfield>
    <subfield code="w">2025-09-25</subfield>
    <subfield code="y">BK</subfield>
    <subfield code="k"></subfield>
  </datafield>
  <datafield tag="999" ind1=" " ind2=" ">
    <subfield code="c">17385</subfield>
    <subfield code="d">17385</subfield>
  </datafield>
</record>
